Multimodal transport law / (Record no. 12705)

000 -LEADER
fixed length control field 02418cam a2200313Ii 4500
001 - CONTROL NUMBER
control field 9781315213699
008 - FIXED-LENGTH DATA ELEMENTS--GENERAL INFORMATION
fixed length control field 180706s2017 nyu o 000 0 eng d
020 ## - INTERNATIONAL STANDARD BOOK NUMBER
International Standard Book Number 9781315213699
Qualifying information (e-book : PDF)
020 ## - INTERNATIONAL STANDARD BOOK NUMBER
International Standard Book Number 9781351819343
Qualifying information (e-book: Mobi)
020 ## - INTERNATIONAL STANDARD BOOK NUMBER
Canceled/invalid ISBN 9780415789813
Qualifying information (paperback)
020 ## - INTERNATIONAL STANDARD BOOK NUMBER
Canceled/invalid ISBN 9780415789820
Qualifying information (hardback)
024 ## - OTHER STANDARD IDENTIFIER
Standard number or code 10.4324/9781315213699
Source of number or code doi
035 ## - SYSTEM CONTROL NUMBER
System control number (OCoLC)994551184
050 ## - LIBRARY OF CONGRESS CALL NUMBER
Classification number K4025
Item number .S63 2017
082 ## - DEWEY DECIMAL CLASSIFICATION NUMBER
Classification number 343.0932
Item number S735
100 ## - MAIN ENTRY--PERSONAL NAME
Personal name Spanjaart, Michiel,
Relator term author.
245 ## - TITLE STATEMENT
Title Multimodal transport law /
Statement of responsibility, etc. Michiel Spanjaart.
260 ## - PUBLICATION, DISTRIBUTION, ETC.
Place of publication, distribution, etc. New York :
Name of publisher, distributor, etc. Routledge,
Date of publication, distribution, etc. 2017.
300 ## - PHYSICAL DESCRIPTION
Extent 1 online resource (ccxcviii, 8 pages)
505 ## - FORMATTED CONTENTS NOTE
Formatted contents note chapter 1 Introduction -- chapter 2 Contracts of carriage -- chapter 3 Transport documents -- chapter 4 The parties to the contract of carriage -- chapter 5 International conventions on the carriage of goods -- chapter 6 Multimodal situations governed by unimodal conventions -- chapter 7 The law applicable in the absence of a mandatory convention -- chapter 8 The rules applicable to the individual legs of multimodal contracts of carriage -- chapter 9 The Rotterdam Rules.
520 ## - SUMMARY, ETC.
Summary, etc. "An accessible introduction to multimodal contracts of carriage, Multimodal Transport Law works from general principles toward specific, technical problems. Adopting an international (comparative) approach to multimodal contract law it addresses such key topics as:Contracts of carriageTransport documentsThe parties to a contract of carriageInternational conventions on the carriage of goodsMultimodal situations covered by unimodal conventionsConflict of lawsThe rules applicable to the individual legs of multimodal contracts of carriageThe Rotterdam RulesProviding a close examination of the relevant conventions, this is essential reading for law students, useful for claims handlers and practitioners, and of interest for academics and legislators seeking a better appreciation of multimodal contracts of carriage. "--Provided by publisher.
630 ## - SUBJECT ADDED ENTRY--UNIFORM TITLE
Uniform title Rotterdam Rules
Date of treaty signing (2008)
650 ## - SUBJECT ADDED ENTRY--TOPICAL TERM
Topical term or geographic name entry element Transportation
General subdivision Law and legislation.
650 ## - SUBJECT ADDED ENTRY--TOPICAL TERM
Topical term or geographic name entry element Shipment of goods
General subdivision Law and legislation.
650 ## - SUBJECT ADDED ENTRY--TOPICAL TERM
Topical term or geographic name entry element Contracts, Maritime.
650 ## - SUBJECT ADDED ENTRY--TOPICAL TERM
Topical term or geographic name entry element Transportation, Automotive
General subdivision Law and legislation.
776 ## - ADDITIONAL PHYSICAL FORM ENTRY
Relationship information Print version:
International Standard Book Number 9780415789820
Record control number (DLC) 2017015286
856 ## - ELECTRONIC LOCATION AND ACCESS
Uniform Resource Identifier <a href="https://www.taylorfrancis.com/books/9781315213699">https://www.taylorfrancis.com/books/9781315213699</a>
Public note Click here to view.
Holdings
Withdrawn status Lost status Damaged status Not for loan Permanent Location Current Location Date acquired Date last seen Price effective from Koha item type
        IMU-MPC Library IMU-MPC Library 2025-01-03 2025-01-03 2025-01-03 E-Book
Copyright © 2021 Indian Maritime University, Mumbai Port Campus. All Rights Reserved. Managed & Maintained by Central Library, IMU-Mumbai

webs counters

Powered by Koha